Komoditné futures aj u nás

Na základe zmluvy o spolupráci medzi Komoditnou burzou Bratislava a Budapest Commodity Exchange budú môcť slovenské subjekty od decembra 2004 obchodovať s komoditnými futuritami na maďarskej BCE. Ďalšie údaje o zmluve. Charakteristika BCE a KBB.

Saved in:
Bibliographic Details
Main Author: Kuruc, Radko
Format: Book Chapter
Language:Slovak
Subjects:
Tags: Add Tag
No Tags, Be the first to tag this record!

MARC

LEADER 00000naa$a2200000$$$4500
001 0019808
005 20231004124541.1
041 0 |a slo 
044 |a SK 
245 1 0 |a Komoditné futures aj u nás  |c Radko Kuruc 
520 |a Na základe zmluvy o spolupráci medzi Komoditnou burzou Bratislava a Budapest Commodity Exchange budú môcť slovenské subjekty od decembra 2004 obchodovať s komoditnými futuritami na maďarskej BCE. Ďalšie údaje o zmluve. Charakteristika BCE a KBB. 
610 2 0 |a burzovníctvo 
610 2 0 |a burzy komoditné 
610 2 0 |a futurity 
610 2 0 |a spolupráca medzinárodná 
610 2 0 |a Slovensko 
610 2 0 |a Maďarsko 
100 1 |a Kuruc, Radko